01921 a2200289 4500003000500000005001700005010001700022020002800039020001800067035002300085040000900108082001200117100001800129245011200147260004900259300003600308500076000344650004201104650005001146651001101196856010601207856009101313856009201404942001201496999001901508952010401527Nust20170207154027.0 a 2005054234 a0471720925 (alk. paper) a9780471720928 a(OCoLC)ocm61500103 cNust00a621.3921 aChu, Pong P.,10aRTL hardware design using VHDL :coding for efficiency, portability, and scalability -(E-BOOK)cPong P. Chu. aHoboken, N.J. :bWiley-Interscience,cc2006. axxiii, 669 p. :bill. ;c26 cm. aIntroduction to Digital System Design (Page-1) Overview of Hardware Description Languages (Page-23) Basic Language Constructs of VHDL (Page-43) Concurrent Signal Assignment Statements of VHDL 69 (Page-69 )Sequential Statements of VHDL (Page-97)Synthesis Of VHDL Code (Page-125 )Combinational Circuit Design: Practice(Page-163)Sequential Circuit Design: Principle (Page-213)Sequential Circuit Design: Practice (Page-257)Finite State Machine: Principle and Practice (Page-313)Register Transfer Methodology: Principle (Page-373)Register Transfer Methodology: Practice (Page-421)Hierarchical Design in VHDL ( 473)Parameterized Design: Principle (Page-499)Parameterized Design: Practice (Page-545) Clock and Synchronization: Principle and Practice (Page-603) 0aDigital electronicsxData processing. 0aVHDL (Computer hardware description language) aE-BOOK423Contributor biographical informationuhttp://www.loc.gov/catdir/enhancements/fy0740/2005054234-b.html423Publisher descriptionuhttp://www.loc.gov/catdir/enhancements/fy0625/2005054234-d.html423Table of contents onlyuhttp://www.loc.gov/catdir/enhancements/fy0653/2005054234-t.html 2ddccBK c191964d191964 00102ddc40708NFICaMCSbMCSd2016-12-12l0o621.392 CHUpMCSEB-898r2016-12-08w2016-12-12yBK